| 000 | 00713nam a22002657a 4500 | ||
|---|---|---|---|
| 001 | BR0500013 | ||
| 003 | BR-BrBNA | ||
| 005 | 20230928101807.0 | ||
| 007 | ta | ||
| 008 | 230509b bl.||||| |||| 00| 0 por d | ||
| 040 |
_aBR-BrBNA _bpor _cBiblioteca Nacional de Agricultura |
||
| 041 | _a(Por) | ||
| 072 | _aU30; B50 | ||
| 090 | _ U30 BR0500013 | ||
| 100 | 1 | _aVogt, C.(org.) | |
| 110 | 1 |
_aFundação Roberto Marinho, São Paulo, SP (Brasil) _95176 |
|
| 245 | 1 | _aHistórias da pesquisa no Brasil | |
| 260 | 3 |
_aSão Paulo, SP (Brasil): _c2003. |
|
| 300 | _a343 p. | ||
| 650 | _aMÉTODO DE PESQUISA | ||
| 650 | _aCIENTISTA | ||
| 650 | _aHISTÓRIA | ||
| 909 |
_a202309 _bLucia _c55 _dLucia Elande |
||
| 942 | _cBK | ||
| 999 |
_c67613 _d67613 |
||